000 00283nam a2200097Ia 4500
082 _aEF GREE
245 0 _aFor the sake of silence
100 _a GREEN, Michael Cawood Roggebaai [South Africa], 2008 1st ed
_975913
942 _cBK
008 210817s9999 xx 000 0 und d
999 _c251615
_d251614